ロード中...
| LEADER | 00875nam a22001697a 4500 | ||
|---|---|---|---|
| 008 | 091208t xxu||||| |||| 00| 0 eng d | ||
| 082 | |a 004.55 H |b MAC | ||
| 100 | |a Mack, E Stephen |9 5920 | ||
| 245 | |a HTML 4.0 / |c E. Stephen Mack, Janan Platt | ||
| 260 | |a New Delhi: |b BPB |c 1998 | ||
| 300 | |a xxv, 677p.; | ||
| 942 | |2 ddc |c BK |6 _ | ||
| 999 | |c 86004 |d 86004 | ||
| 952 | |0 0 |1 0 |2 ddc |4 0 |6 00455_HMAC |7 0 |9 107901 |a DCA |b DCA |d 2009-12-08 |l 1 |o 004.55 H MAC |p CA001804 |r 2012-12-17 |s 2012-07-05 |w 2009-12-08 |y BK | ||
| 952 | |0 0 |1 0 |2 ddc |4 0 |6 00455_HMAC |7 0 |9 107902 |a DCA |b DCA |d 2010-01-13 |l 2 |o 004.55 H MAC |p CA001803 |r 2012-05-08 |s 2012-01-10 |w 2010-01-13 |y BK | ||
| 952 | |0 0 |1 0 |2 ddc |4 0 |6 00455_HMAC |7 0 |9 107903 |a DCA |b DCA |d 2010-01-13 |o 004.55 H MAC |p CA001802 |r 2010-01-13 |w 2010-01-13 |y BK | ||
| 952 | |0 0 |1 0 |2 ddc |4 0 |6 00455_HMAC |7 0 |9 107904 |a DCA |b DCA |d 2010-01-15 |l 1 |o 004.55 H MAC |p CA001759 |r 2013-04-24 |s 2012-01-12 |w 2010-01-15 |y BK | ||